Diphtheria (Record no. 150683)

MARC details
000 -LEADER
fixed length control field 00678nam a2200205Ia 4500
008 - FIXED-LENGTH DATA ELEMENTS--GENERAL INFORMATION
fixed length control field 191130s2009##################000#0#eng##
020 ## - INTERNATIONAL STANDARD BOOK NUMBER
ISBN 9781604132281
082 ## - DEWEY DECIMAL CLASSIFICATION NUMBER
Classification number 616.9313 GUI
245 ## - TITLE STATEMENT
Title Diphtheria
Statement of responsibility, etc Patrick Guilfoile ; consulting editor, Hilary Babcock ; foreword by David Heymann
260 ## - PUBLICATION, DISTRIBUTION, ETC. (IMPRINT)
Place of publication New York
Name of publisher Chelsea House
Year of publication 2009
300 ## - PHYSICAL DESCRIPTION
Number of Pages 120 p. : ill. (chiefly col.) ; 24 cm
500 ## - GENERAL NOTE
General note Includes bibliographical references (p. 105-110) and index
650 ## - SUBJECT ADDED ENTRY--TOPICAL TERM
Topical Term Diphtheria - Popular works
700 ## - ADDED ENTRY--PERSONAL NAME
Personal name Guilfoile, Patrick
991 ## -
-- 144633
Holdings
Withdrawn status Lost status Damaged status Not for loan Home library Current library Shelving location Date acquired Full call number Accession Number Price effective from Koha item type
        Anna Centenary Library Anna Centenary Library 5TH FLOOR, B WING 12.10.2020 616.9313 GUI 438608 12.10.2020 English Books

Find us on the map